|
|
|
|
| LEADER |
00000nab a2200000 a 4500 |
| 001 |
vtls000901720 |
| 003 |
SK-MaSNL |
| 005 |
20260302175802.0 |
| 008 |
040720e19991007xo 0 slo |
| 035 |
|
|
|a KE10701
|
| 040 |
|
|
|a KEVKJB
|b slo
|c KEVKJB
|e AACR2
|
| 041 |
0 |
|
|a slo
|
| 044 |
|
|
|a xo
|c SK
|
| 080 |
|
|
|a 629.4.031
|2 1981
|
| 100 |
1 |
|
|a Tatranský, Adam
|4 aut
|9 613724
|
| 245 |
1 |
0 |
|a Košické električky
|
| 300 |
|
|
|b 2 obr.
|
| 500 |
|
|
|a číslo O.
|
| 610 |
2 |
7 |
|a Košická mestská pouličná železnica
|2 KEVKJB
|9 887815
|
| 650 |
0 |
7 |
|a doprava mestská
|2 KEVKJB
|9 490859
|
| 650 |
0 |
7 |
|a železnica konská
|2 KEVKJB
|9 877905
|
| 650 |
0 |
7 |
|a Kassai Városi Kozüti vasút
|2 KEVKJB
|9 887816
|
| 650 |
0 |
7 |
|a električky
|2 KEVKJB
|9 18193
|
| 650 |
0 |
7 |
|a trate
|2 KEVKJB
|9 878329
|
| 650 |
0 |
7 |
|a dejiny
|2 KEVKJB
|9 3825
|
| 650 |
0 |
7 |
|a informácie
|2 KEVKJB
|9 1285
|
| 651 |
|
7 |
|a Košice (Slovensko)
|2 KEVKJB
|9 18694
|
| 651 |
|
7 |
|a KE,
|2 KEVKJB
|9 877256
|
| 655 |
|
7 |
|a periodikum
|2 snkbucl
|9 29553
|
| 710 |
2 |
|
|a Košická mestská pouličná železnica
|4 aut
|9 887815
|
| 773 |
0 |
8 |
|t Listy Košické
|g Roč. 1, 7.10.1999, s. 11
|
| 852 |
|
|
|a ZVYKNI
|b KIS3GCP
|
| 999 |
|
|
|c 1408282
|d 1410212
|